banner koha

Umidade e aquecimento térmico na superação de dormência de sementes de dendezeiro tipo dura (Registro n. 331966)

MARC details
000 -LÍDER
fixed length control field 03929nab a2200289 i 4500
003 - CÓDIGO MARC DA AGÊNCIA CATALOGADORA
Campo de controle BR-BrBNA
005 - DATA E HORA DA ÚLTIMA ATUALIZAÇÃO
Campo de controle 20250609172348.0
008 - CAMPO DE TAMANHO FIXO
fixed length control field 250609b2019 bl.ar|pooa||| 00| 0 por |
040 ## - FONTE DA CATALOGAÇÃO
Agência catalogadora BR-BrBNA
Idioma da catalogação por
072 ## - CATEGORIA AGRIS
Código AGRIS F03
Código do objeto 0312
100 ## - ENTRADA PRINCIPAL - NOME PESSOAL
Nome pessoal Green, Márcia
100 ## - ENTRADA PRINCIPAL - NOME PESSOAL
Nome pessoal Lima, Wanderlei Antônio Alves de
100 ## - ENTRADA PRINCIPAL - NOME PESSOAL
Nome pessoal Lopes, Ricardo
245 ## - TÍTULO PRINCIPAL
Título principal Umidade e aquecimento térmico na superação de dormência de sementes de dendezeiro tipo dura
500 ## - NOTA GERAL
Nota geral <br/><br/>Publicação online; 25 ref.; 4 tables; Summaries (En, Pt)
942 ## - ADDED ENTRY ELEMENTS (KOHA)
Koha item type Analítica
520 ## - NOTA DE RESUMO
Nota de conteúdo <br/><br/><br/>RESUMO: Para germinação de sementes de dendezeiro, tem-se utilizado o método de calor seco, com Tratamento Térmico (TT) das sementes a 39 ºC ± 1 ºC, sendo o tempo e a umidade da semente variável dependendo do genótipo. A otimização do período de TT pode reduzir custos e aumentar a taxa de germinação das sementes. O objetivo desse estudo foi avaliar o efeito do teor de água e do TT na superação de dormência e germinação de sementes recém-colhidas de dendezeiro tipo dura (de origem Deli). O delineamento foi inteiramente casualizado, em esquema fatorial 5 × 3, sendo cinco Intervalos de Grau de Umidade (IGU): 18%-19%; 19%-20%; 20%-21%; 21%-22% e 22%-23% e três períodos de TT: 30, 40 e 60 dias, com quatro repetições de 250 sementes. Foram avaliadas porcentagem de germinação, germinação na primeira contagem (PCON) e Índice de Velocidade de Germinação (IVG). A combinação de 30 dias de TT sob 39 ºC e com IGU de 18% a 19% foi a mais favorável para taxa de germinação (91,16%). Para superação de dormência e germinação de sementes de dendezeiro recomenda-se a combinação de TT de 30 dias sob 39 ºC e com IGU de 18% a 19% no início do processo, condições em que se obtém germinação superior a 90% das sementes e com alto vigor. <br/><br/><br/>PALAVRAS-CHAVE: Arecaceae , Elaeis guineenses, Palma-de-óleo, Germinação, Vigor
520 ## - NOTA DE RESUMO
Nota de conteúdo <br/><br/><br/>ABSTRACT: For the germination of oil palm seeds the dry heat method was used, with a heat treatment of the seeds (TT) at 39 ºC ± 1 ºC, the time and humidity of the seed being variable depending on the genotype. The optimization of the TT period can reduce cost and increasing the germination rate. The objective of this study was to evaluate the effect of water content and TT in overcoming dormancy and germination of freshly harvested of dura-type oil palm seeds of Deli origin. The design was completely randomized, in a factorial scheme 5 × 3, being five intervals of humidity ranges (IGU): 18-19%; 19-20%; 20-21%; 21-22% and 22-23% and three TT periods: 30, 40 and 60 days, with four replicates of 250 seeds. The percentage of germination, germination at the first count (PCON) and germination speed index (IVG) were evaluated. The combination of 30 days of TT with IGU of 18% to 19% was the most favorable for germination rate and variables associated with seed vigor (PCON, IVG). To overcome dormancy and germination of dura type oil palm seeds, the combination of TT of 30 days with IGU of 18% to 19% at the beginning of the process, conditions in which germination higher than 90% of the seeds is obtained and with high vigor. <br/><br/><br/>KEYWORDS: Arecaceae, Elaeis guineensis, African oil palm, Germination, Vigor
650 ## - ASSUNTO - THESAGRO
Cabeçalho tópico ou nome geográfico DENDÊ
650 ## - ASSUNTO - THESAGRO
Cabeçalho tópico ou nome geográfico SEMENTE
650 ## - ASSUNTO - THESAGRO
Cabeçalho tópico ou nome geográfico GERMINAÇÃO
650 ## - ASSUNTO - THESAGRO
Cabeçalho tópico ou nome geográfico DORMÊNCIA
650 ## - ASSUNTO - THESAGRO
Cabeçalho tópico ou nome geográfico TRATAMENTO TÉRMICO
773 0# - ENTRADA ANALÍTICA
Host Biblionumber 3551
Registro do item 345997
Imprenta Belém-PA Faculdade de Ciências Agrárias do Pará 1999
Outro identificador 2024-6646
Título Revista de Ciências Agrárias (Brazil)
ISSN 1517-591X Impresso/Versão online ISSN 2177-8760
Colação v. 62 p. 1-6; (2019)
Número de controle de registro BR2025001466
856 ## - ACESSO E ENDEREÇO ELETRÔNICO
Identificador uniforme de recurso - URI https://ajaes.ufra.edu.br/index.php/ajaes/article/view/3086/1571

Nenhum exemplar disponível.

BINAGRI

Telefone: (61)3218-2567/2388/3357/2097 - binagri@agro.gov.br

Ministério da Agricultura e Pecuária , Esplanada dos Ministérios, Bloco D, Anexo B, Brasília/DF, CEP: 70.043-900